[Event "Chinese-Russian Summit 2018"]
[Site "Qinhuangdao"]
[Date "2018.05.31"]
[Round "4"]
[White "Girya, Olga"]
[Black "Zhai, Mo"]
[Result "1/2-1/2"]
[WhiteElo "2465"]
[BlackElo "2304"]
[Annotator "TA"]
[PlyCount "100"]
[EventDate "2018.??.??"]
[EventCountry "CHN"]
[SourceTitle "playchess.com"]
[Source "ChessBase"]
[SourceQuality "1"]

{[%evp 11,100,22,11,12,21,25,22,22,23,18,22,24,29,9,75,86,133,116,117,95,294,284,283,298,255,119,335,285,310,257,252,217,206,208,206,213,277,272,399,391,390,252,243,241,241,243,394,142,128,134,134,121,124,4,19,0,0,0,285,-29991,547,-318,0,-29991,522,-306,0,-182,0,-182,0,-433,-197,-29988,-118,-947,-200,-210,-99,-89,-14,-94,-16,-29993,29993,-29993,29993,-46,47,0,0]} 1. d4 Nf6 2. c4 e6 3. Nf3 d5 4. Nc3 Bb4 5. Qa4+ Nc6 6. e3 O-O 7. Qc2 {D38: Queen's Gambit Declined: Ragozin Defence (4 Nf3 Bb4)} (7. a3 Bxc3+ 8. bxc3 Bd7 9. Qc2 Na5 10. cxd5 exd5 11. Bd3 Re8 12. O-O c5 13. dxc5 Rc8 14. a4 Rxc5 {1-0 (39) Yu,Y (2751)-Harikrishna,P (2744) Huaian 2017}) 7... dxc4 8. Bxc4 Bd6 9. a3 e5 10. h3 exd4 11. exd4 {[%cal Be3d4,Bd4d5][%mdl 32]} Re8+ 12. Be3 Na5 $146 (12... Be6 $11 {keeps the balance.} 13. Bxe6 Rxe6) ({Predecessor:} 12... Bf4 13. Qd2 Qe7 14. O-O-O Bxe3 15. fxe3 {½-½ (61) Dvinskikh,L (2071)-Zboev,N (2167) Kirov 2015}) 13. Ba2 $1 $16 c5 14. O-O (14. dxc5 $6 Bxc5 15. Rd1 Qc7 $14) 14... c4 15. Bg5 {Hoping for Rae1.} Be6 $2 {[#]} (15... h6 $16 {was called for.} 16. Bxf6 Qxf6) 16. d5 $1 $18 {[%mdl 512]} Bd7 (16... Bxd5 17. Nxd5) 17. Rae1 $1 {[%cal Re1e8]} h6 18. Bh4 (18. Rxe8+ $18 Bxe8 19. Bxf6 Qxf6 20. Bb1) 18... Bf4 $2 (18... g5 $16 {might work better.}) 19. Rxe8+ Bxe8 20. Rd1 (20. Bxf6 Qxf6 21. Re1 Rd8 $14) 20... g5 21. Bg3 Bxg3 22. fxg3 Qb6+ 23. Kh2 $1 Rd8 24. Ne5 Qc7 (24... g4 $142 25. Rf1 (25. Nxg4 Nxg4+ 26. hxg4 Qg6 $18) (25. hxg4 Qe3 $17) (25. Nxc4 Nxc4 26. Bxc4 Rc8 $16) (25. Bxc4 gxh3 26. gxh3 Qe3 $18) 25... gxh3 26. gxh3 Qe3) 25. Qf5 Rd6 26. Ne4 Nxe4 27. Qxe4 Qe7 28. Re1 $1 Bb5 $2 (28... f6) 29. Qd4 $2 (29. Qc2 $18 {is more deadly.}) 29... Nc6 $16 30. Qc3 Nxe5 31. Rxe5 Qf6 32. Qd4 ({Only move:} 32. Bxc4 $16 Bxc4 33. Re8+ Kg7 34. Qxc4) 32... Kg7 $11 33. Bb1 Bc6 34. Qe4 Bxd5 $2 {[%mdl 8192]} (34... Bd7 $1 $11 {and Black stays safe.}) 35. Bc2 $4 {[%mdl 8192]} (35. Rxd5 $18 Rxd5 36. Qxd5) 35... Rb6 $4 {[%mdl 8192]} (35... Bxe4 {avoids the disaster.} 36. Rxe4 Rd2 37. Re1 Rxc2 38. Rg1 Rxb2 39. Re1 Qf3 40. Rg1 c3 41. g4 a6 42. Kh1 Qg3 43. a4 a5 44. Rf1 Qxg2#) 36. Qd4 $4 {[%mdl 8192] [#]} (36. Rxd5 $18 Rd6 37. Rxd6 Qxd6 38. Qxb7) 36... Rd6 $2 (36... Bxg2 $1 $19 {[%mdl 512]} 37. Kxg2 Re6) 37. Qe4 $1 Rb6 $4 {[%mdl 8192]} (37... Bxe4 {and life is good for Black.} 38. Rxe4 Rd2 39. Re1 Rxc2 40. Rg1 Qf2 41. b4 cxb3 42. h4 g4 43. a4 b2 44. a5 b1=Q $1 {[%mdl 512]} 45. Rxb1 Qxg2#) 38. Qd4 $4 {[%mdl 8192] [#]} (38. Rxd5 $18 Rd6 39. Rxd6 Qxd6 40. Qxb7) 38... Rd6 $2 ({Black should try} 38... Bxg2 $1 $19 {[%mdl 512]} 39. Kxg2 Re6) 39. Qc3 $2 (39. Qe4 $1 $11 {and White is okay.} Bxe4 40. Rxe4) 39... Kg8 $2 $40 {[%mdl 128] Black is up to no good.} (39... Bc6 $19 40. Kg1 b5) 40. Qe3 $2 (40. Re8+ $11 Kg7 41. Qxf6+ Kxf6 42. Re2) 40... Kg7 $2 (40... Bc6 $19 41. Qe2 Rd2 $1 {[%mdl 512]} 42. Qxd2 Qxe5) 41. Qd4 $2 {[%mdl 8192] [#]} (41. Qc3 $11 {and White has nothing to worry.}) 41... Bc6 (41... Bxg2 $142 $1 {[%mdl 512]} 42. Qc3 (42. Kxg2 Rxd4) 42... Bf1) 42. Qe4 $2 (42. Qc3 $19) 42... Bd7 $2 (42... Bxe4 43. Rxe4 Rd2 44. Re1 Rxc2 45. Rd1 Rxb2 46. a4 Qf2 47. Rg1 a5 48. h4 g4 49. h5 c3 50. Kh1 Qxg3 51. Rf1 Qxg2#) 43. Bd1 $2 {[%mdl 8192]} (43. Rc5 $17) 43... Rb6 $2 (43... Rxd1 44. Qf3 Qxf3 45. gxf3 Rd2+ 46. Kh1 Rxb2) 44. Bg4 Bxg4 (44... Bc6 $1 $19 {[%cal Rc6e4] has better winning chances.} 45. Qe2 a6) 45. hxg4 $19 {[%mdl 4096] Endgame [#] KQR-KQR} Rb3 ({Much worse is} 45... Rxb2 $6 46. Rf5 $11) (45... Rd6 $1 $17 {White must now prevent ...Rd1.} 46. Re7 b5) 46. Rf5 (46. Qxc4 $11 Qxe5 47. Qxb3) 46... Qd6 ({Not} 46... Qxb2 47. Qe7 Rb6 48. Qxf7+ Kh8 49. Qf8+ Kh7 50. Rf7+ Kg6 51. Qg8+ Qg7 52. Qxg7#) (46... Qe6 $17 47. Qd4+ f6) 47. Qd4+ $2 {[%mdl 8192]} (47. Qxc4 $11 Qxg3+ 48. Kh1 Qh4+ 49. Kg1 Qe1+ 50. Kh2 Qh4+ 51. Kg1 Qe1+ 52. Kh2 Qg3+ 53. Kh1 Qh4+ 54. Kg1) 47... f6 $4 {[%mdl 8192]} (47... Qxd4 48. Rf1 Qxg4 49. Kg1 Rxb2 50. Rf3 Rb1+ 51. Kf2 Qe4 52. Re3 Rb2+ 53. Kf1 Qxe3 54. g4 Qf2#) 48. Rf3 $4 {[%mdl 8192]} (48. Qxd6 {was the only winning move.} Rb6 49. Qe7+ Kg6 50. Qe8+ Kh7 51. Rd5 Rd6 52. Qf7+ Kh8 53. Rxd6 b6 54. Rd8#) 48... Rb5 $4 {[%mdl 8192]} (48... Qxd4 49. Rf1 Rxb2 50. Re1 Qd2 51. Rg1 c3 52. a4 c2 53. Rh1 c1=Q 54. Rg1 {[#]} Qxg1+ $1 {[%mdl 512]} 55. Kxg1 Qxg2#) 49. Qxc4 $2 (49. Qxd6 {mates} Rb6 50. Qe7+ Kg6 51. Qe8+ Kh7 52. Re3 Re6 53. Rxe6 h5 54. Qf7+ Kh8 55. Re8#) 49... Qd5 ({Black should play} 49... Rxb2 $15 50. Re3 Rd2) 50. Qc7+ Qf7 {Precision: White = 26%, Black = 17%.} 1/2-1/2

[Event "Chinese-Russian Summit 2018"]
[Site "Qinhuangdao"]
[Date "2018.05.31"]
[Round "4"]
[White "Pogonina, Natalija"]
[Black "Shen, Yang"]
[Result "1/2-1/2"]
[WhiteElo "2457"]
[BlackElo "2468"]
[Annotator "TA"]
[PlyCount "90"]
[EventDate "2018.??.??"]
[EventCountry "CHN"]
[SourceTitle "playchess.com"]
[Source "ChessBase"]
[SourceQuality "1"]

{[%evp 13,90,33,30,-17,10,-1,6,0,47,34,49,21,55,4,32,25,33,0,0,2,0,-112,5,-54,31,-19,27,19,23,23,22,18,23,0,0,-7,15,16,11,7,12,20,20,20,17,20,10,9,105,10,9,6,77,0,0,0,0,0,0,0,0,0,0,0,94,-12,0,0,0,0,0,-214,-245,-222,-114,-595,-570,-589,-539]} 1. d4 d5 2. c4 c6 3. Nf3 Nf6 4. e3 Bf5 5. Nc3 e6 6. Nh4 Bg6 7. Nxg6 hxg6 {LiveBook: 976 Games} 8. b3 {D12: Slav Defence: 3 Nf3 Nf6 4 e3 Bf5} (8. h3 Nbd7 9. Bd3 Bd6 10. O-O Qe7 11. e4 dxe4 12. Bxe4 O-O 13. Bg5 Qd8 14. Re1 Qc7 15. Qf3 Bb4 {1-0 (38) Kramnik,V (2808)-Giri,A (2771) Leuven 2017}) 8... Nbd7 9. Bd3 Be7 $146 ({Predecessor:} 9... Bd6 10. f4 g5 11. g3 gxf4 12. exf4 dxc4 13. bxc4 c5 14. d5 exd5 15. O-O d4 16. Re1+ {0-1 (40) Siebert,J (1935)-Demmer,J (1850) Bayern 2007}) 10. O-O {The position is equal.} O-O 11. Qc2 dxc4 12. Bxc4 c5 13. dxc5 (13. d5 $14 exd5 14. Nxd5) 13... Nxc5 14. Rd1 Qc7 15. Bd2 Rac8 16. Rac1 Qe5 17. Be1 (17. Qb1 $11 {keeps the balance.}) 17... g5 (17... Ng4 $17 18. g3 Qh5) 18. Be2 ({Better is} 18. Qb1 $11) 18... Rfd8 (18... Nce4 $15) 19. Bf3 Qf5 20. Qxf5 exf5 21. Nb5 Rxd1 22. Bxd1 {And now b4 would win.} Rd8 {...Nd3 is the strong threat.} 23. Bb4 Bf8 {White must now prevent ...Nd3.} 24. Bc2 ({Avoid the trap} 24. Nxa7 $2 Nd3 $19) 24... f4 25. exf4 gxf4 26. Rd1 Rxd1+ 27. Bxd1 a6 28. Nc3 Nd3 29. Bxf8 Kxf8 $11 {[%mdl 4096] Endgame KBN-KNN} 30. Bf3 a5 (30... b6 $11) 31. g3 ({White should play} 31. Bxb7 $16 Ke7 32. Kf1) 31... fxg3 32. fxg3 Ke7 (32... b6 $11 {remains equal.}) 33. Be2 (33. Bxb7 $16 Ke6 34. Kf1) 33... Nc5 34. Bf3 Kd6 35. Kf2 Ke5 36. Ke3 Ne8 37. Nb5 f5 38. h4 Nf6 {[#]} (38... b6 $11) 39. Nc3 (39. Na3 $1 $16) 39... b6 40. Ne2 Nfe4 41. Bxe4 Nxe4 42. a3 $2 {[#]} (42. Kd3 $11 {and White is okay.}) 42... Nxg3 $1 $19 {[%mdl 512]} 43. Nc1 (43. Nxg3 f4+) 43... f4+ (43... Nf1+ $19 44. Kf2 Nh2) 44. Kf2 $2 {[%mdl 8192]} (44. Kf3 $17 {nothing else works.}) 44... Kf5 45. Nd3 Ne4+ {[%mdl 32768] Precision: White = 31%, Black = 44%. . An unexpected result.} 1/2-1/2

[Event "Chinese-Russian Summit 2018"]
[Site "Qinhuangdao"]
[Date "2018.05.31"]
[Round "4"]
[White "Ni, Shiqun"]
[Black "Shuvalova, Polina"]
[Result "1-0"]
[WhiteElo "2444"]
[BlackElo "2416"]
[Annotator "TA"]
[PlyCount "42"]
[EventDate "2018.??.??"]
[EventCountry "CHN"]
[SourceTitle "playchess.com"]
[Source "ChessBase"]
[SourceQuality "1"]

{[%evp 18,42,55,32,44,43,96,104,140,146,162,170,163,140,155,154,175,164,209,209,225,222,213,210,210,209,204]} 1. e4 c5 2. Nf3 d6 3. Bb5+ Nd7 4. d4 Ngf6 5. Nc3 cxd4 6. Qxd4 a6 7. Bxd7+ Bxd7 8. Bg5 e6 9. O-O-O {B51: Sicilian: Moscow Variation (3 Bb5+) without 3...Bd7} (9. e5 dxe5 10. Nxe5 Be7 11. O-O-O Bc6 12. Nxc6 bxc6 13. Bxf6 Bxf6 14. Qc5 Qc7 15. Ne4 Qf4+ 16. Nd2 Rc8 {1-0 (79) Zawadzka,J (2442)-Bulmaga,I (2360) Mamaia 2016}) 9... h6 10. Bh4 {LiveBook: 3 Games} (10. Bxf6 $5 gxf6 11. Kb1 $14) 10... e5 11. Bxf6 {White is slightly better.} Qxf6 $146 (11... exd4 $14 12. Bxd8 dxc3) ({Predecessor:} 11... exd4 12. Bxd8 {½-½ (12) Jansa,V-Ivkov,B Madonna di Campiglio 1973}) 12. Qb6 $16 {[#] Strongly threatening Nd5.} Qd8 13. Qxb7 {White is clearly better.} Qb8 14. Qxb8+ Rxb8 15. Rd5 Be7 16. Rhd1 Be6 17. Ra5 Bc8 18. Nd2 Bd8 19. Ra4 Bg5 20. Kb1 Bxd2 21. Rxd2 Kd7 {Precision: White = 68%, Black = 41%.} 1-0

[Event "Chinese-Russian Summit 2018"]
[Site "Qinhuangdao"]
[Date "2018.05.31"]
[Round "4"]
[White "Huang, Qian"]
[Black "Goryachkina, Aleksandra"]
[Result "0-1"]
[WhiteElo "2439"]
[BlackElo "2496"]
[Annotator "TA"]
[PlyCount "78"]
[EventDate "2018.??.??"]
[EventCountry "CHN"]
[SourceTitle "playchess.com"]
[Source "ChessBase"]
[SourceQuality "1"]

{[%evp 20,78,16,7,15,6,12,2,2,-9,16,-61,-52,-64,-20,-18,-29,-23,-24,-19,-26,-78,-68,-69,-59,-107,-106,-113,-108,-104,-98,-105,-106,-110,-112,-105,-100,-101,-100,-101,-101,-125,-118,-122,-120,-221,-133,-220,-152,-157,-143,-133,-130,-159,-168,-217,-224,-820,-835,-1427,-1420]} 1. d4 d5 2. Nf3 Nf6 3. c4 c6 4. Qb3 dxc4 5. Qxc4 Bg4 6. Nbd2 Nbd7 {D23: Queen's Gambit Accepted: 3 Nf3 Nf6 sidelines} 7. g3 e6 8. Bg2 Be7 9. O-O O-O 10. b3 Rc8 (10... Qa5 11. Bb2 Rac8 12. Rfd1 Rfd8 13. h3 Bh5 14. Qc1 {0-1 (56) Le,Q (2737)-Mamedov,R (2709) Riadh 2017}) 11. Bb2 {LiveBook: 16 Games} b5 12. Qc2 c5 13. Rac1 Qb6 14. Rfe1 $146 ({Predecessor:} 14. e4 Qa6 15. Qb1 Rfd8 {½-½ (15) Oganian,M (2422)-Papin,V (2476) Moscow 2016}) 14... Qa6 15. Qd3 ({Better is} 15. dxc5 $11 Bxc5 16. Qd3) 15... Qxa2 $15 16. Bc3 c4 17. bxc4 bxc4 18. Qc2 Qxc2 19. Rxc2 Nd5 $36 {[%mdl 2048] Black is more active.} 20. Ra1 (20. Ba5 $11 {remains equal.}) 20... Nxc3 21. Rxc3 Bxf3 22. Nxf3 Bb4 23. Rc2 a5 24. e3 c3 25. Ne1 Nb6 26. Kf1 Nc4 27. Ke2 Rc7 28. Be4 e5 {[#] ...exd4 is the strong threat.} 29. dxe5 Nxe5 30. Nd3 Nxd3 31. Bxd3 Rd8 32. Raa2 (32. h4 $17) 32... Kf8 33. h4 (33. Rc1 $17) 33... Rc5 34. e4 g5 35. hxg5 Rxg5 36. Ke3 Rh5 37. Bc4 Rd2 $1 38. Rc1 $2 {[#]} (38. Rxd2 cxd2 39. Ra1) 38... Rc5 $1 $19 39. Bd5 Rcxd5 {Precision: White = 33%, Black = 84%.} 0-1

[Event "Chinese-Russian Summit 2018"]
[Site "Qinhuangdao"]
[Date "2018.06.01"]
[Round "5"]
[White "Alekseenko, Kirill"]
[Black "Wen, Yang"]
[Result "*"]
[WhiteElo "2625"]
[BlackElo "2581"]
[Annotator "TA"]
[PlyCount "49"]
[EventDate "2018.??.??"]
[EventCountry "CHN"]
[SourceTitle "playchess.com"]
[Source "ChessBase"]
[SourceQuality "1"]

{[%evp 13,49,8,15,2,13,3,7,9,6,2,23,4,16,6,18,0,18,0,11,10,26,-8,0,0,8,0,4,-12,21,-35,-26,-49,-38,-53,-52,-99,-115,-98]} 1. e4 e5 2. Nf3 Nc6 3. Bb5 Nf6 4. d3 Bc5 5. Bxc6 dxc6 6. Qe2 {C65: Spanische Partie (Berliner-Verteidigung)} Qe7 7. Nbd2 {[%cal Bb1d2,Bd2c4,Bc4e3,Be3f5][%mdl 32]} Bg4 {LiveBook: 13 Partien} 8. a3 $146 {Die Stellung ist ausgeglichen.} ({Vorgänger:} 8. h3 Bh5 9. a3 Nd7 10. b4 Bb6 11. Nc4 a5 12. Rb1 axb4 13. axb4 Ra2 {0-1 (52) Carlsen,M (2843)-Aronian,L (2764) Stavanger 2018}) 8... Nd7 9. b4 Bd6 10. Nc4 b6 11. Bd2 f6 12. O-O O-O 13. Ne3 Be6 14. Nf5 Qe8 15. h3 Qh5 16. Ng3 Qe8 17. Nh2 {[%cal Bf3h2,Bh2g4,Bg4e3,Be3f5][%mdl 32]} Rf7 18. Ng4 Nf8 {[%cal Bd7f8,Bf8g6,Bg6f4][%mdl 32]} 19. Ne3 Ng6 20. Nef5 Bf8 21. Rae1 (21. h4 $11) 21... Qd7 $15 22. Kh1 Kh8 23. Qd1 c5 24. h4 Nf4 25. Ne3 {Precision: Weiß = 17%, Schwarz = 58%.} *

[Event "Chinese-Russian Summit 2018"]
[Site "Qinhuangdao"]
[Date "2018.06.01"]
[Round "5"]
[White "Zhou, Jianchao"]
[Black "Sjugirov, Sanan"]
[Result "0-1"]
[WhiteElo "2624"]
[BlackElo "2663"]
[Annotator "TA"]
[PlyCount "39"]
[EventDate "2018.??.??"]
[EventCountry "CHN"]
[SourceTitle "playchess.com"]
[Source "ChessBase"]
[SourceQuality "1"]

{[%evp 23,39,-34,-1,-35,-41,-39,-10,-3,0,0,-1,-13,0,0,0,-10,0,-8]} 1. Nf3 c5 2. c4 Nc6 3. Nc3 e5 4. g3 g6 5. Bg2 Bg7 6. O-O Nge7 7. Ne1 {[%cal Bf3e1,Be1c2,Bc2e3,Be3d5][%mdl 32]} O-O 8. Nc2 d6 {A37: Symmetrical English vs ...g6: 4 Bg2 Bg7 5 Nf3} 9. Rb1 (9. Ne3 Be6 10. Ned5 Qd7 11. d3 Bh3 12. Rb1 Bxg2 13. Kxg2 f5 14. a3 Rac8 15. f3 Rf7 16. b4 Nxd5 17. Nxd5 Ne7 18. Nxe7+ Rxe7 19. Be3 Qe6 20. bxc5 dxc5 {0-1 (72) Lenderman,A (2611)-Le,Q (2737) chess.com INT 2018}) 9... Be6 10. Ne3 a6 11. Ned5 b5 12. d3 Rb8 {LiveBook: 14 Games} 13. Bg5 f6 14. Bd2 Qd7 15. b3 {The position is equal.} h6 $146 (15... b4 {seems wilder.} 16. Na4 Bf5 17. e4 Be6 18. Be3 f5) ({Predecessor:} 15... b4 16. Nxe7+ Nxe7 {1-0 (42) Ostojic,N (2410)-Nestorovic,N (2435) Belgrade 2007}) 16. Nxe7+ Nxe7 17. e4 f5 18. Nd5 Nc6 19. exf5 Bxf5 20. Be3 {[%mdl 32768] Loss on Time!?} 0-1

[Event "Chinese-Russian Summit 2018"]
[Site "Qinhuangdao"]
[Date "2018.06.01"]
[Round "5"]
[White "Zhou, Jianchao"]
[Black "Sjugirov, Sanan"]
[Result "*"]
[WhiteElo "2624"]
[BlackElo "2663"]
[Annotator "TA"]
[PlyCount "40"]
[EventDate "2018.??.??"]
[EventCountry "CHN"]
[SourceTitle "playchess.com"]
[Source "ChessBase"]
[SourceQuality "1"]

{[%evp 13,14,-8,-6]} 1. Nf3 c5 2. c4 Nc6 3. g3 e5 4. Bg2 g6 5. O-O Bg7 6. Nc3 Nge7 7. Ne1 O-O {LiveBook: 206 Games. A37: Symmetrical English vs ...g6: 4 Bg2 Bg7 5 Nf3} {Predecessor:} 8. Nc2 $146 d6 9. Ne3 Be6 10. Ned5 Qd7 11. d3 Bh3 12. Rb1 Bxg2 13. Kxg2 f5 14. a3 Rac8 15. f3 Rf7 16. b4 Nxd5 17. Nxd5 Ne7 18. Nxe7+ Rxe7 19. Be3 Qe6 20. bxc5 dxc5 {0-1 (72) Lenderman,A (2611)-Le,Q (2737) chess.com INT 2018} *

[Event "Chinese-Russian Summit 2018"]
[Site "Qinhuangdao"]
[Date "2018.06.01"]
[Round "5"]
[White "Esipenko, Andrey"]
[Black "Li, Chao b"]
[Result "1/2-1/2"]
[WhiteElo "2587"]
[BlackElo "2724"]
[Annotator "TA"]
[PlyCount "78"]
[EventDate "2018.??.??"]
[EventCountry "CHN"]
[SourceTitle "playchess.com"]
[Source "ChessBase"]
[SourceQuality "1"]

{[%evp 9,78,24,74,34,53,20,51,48,56,55,62,56,74,60,66,45,51,52,47,52,68,20,23,17,37,37,33,36,24,25,39,39,58,58,55,55,59,58,70,70,70,74,80,73,76,65,74,62,57,60,64,80,80,57,75,77,193,39,39,39,39,39,39,39,36,28,29,13,29,14,29]} 1. d4 {[%cal Bd2d4,Bd4d5][%mdl 32]} e6 2. c4 b6 3. Nf3 Bb7 4. g3 Bxf3 5. exf3 c6 6. d5 {A40: Unusual replies to 1 d4} Bb4+ 7. Nd2 $146 ({Predecessor:} 7. Bd2 Qe7 8. dxe6 Nf6 9. Nc3 O-O 10. Qe2 Re8 11. Bg2 Qxe6 12. Qxe6 fxe6 13. O-O-O {½-½ (30) Akobian,V (2625)-Nakamura,H (2775) Saint Louis 2012}) 7... Nf6 8. dxe6 $1 {White is slightly better.} dxe6 9. a3 Be7 10. f4 O-O 11. Bg2 a5 12. O-O Ra7 13. Qc2 c5 {[%cal Bc6c5,Bc5d4][%mdl 32]} 14. Nb1 {[%cal Bd2b1,Bb1c3,Bc3b5][%mdl 32]} Qc8 15. Nc3 Nc6 16. Be3 Nd4 17. Bxd4 cxd4 18. Nb5 Rd7 {White should prevent ...d3.} 19. Rfd1 Rfd8 {next ...d3 is good for Black.} 20. Rd3 Ne8 21. Rad1 $36 {[%cal Rb5d4][%mdl 2048] White has good play.} Bf6 22. b4 axb4 23. axb4 Nd6 24. Nxd6 Rxd6 25. c5 bxc5 26. bxc5 Rb6 27. c6 Qc7 28. Rb3 Rxb3 29. Qxb3 Rb8 $1 {[%cal Rb8b3]} 30. Qc4 g6 31. Be4 Kg7 32. Kg2 Rb2 (32... Rc8 $16 {was called for.}) 33. Qd3 $2 {[#]} (33. Rxd4 $18 {Threatens to win with Rd7.} Kg8 34. Rd7) 33... Rb4 $14 34. Ra1 Be7 $1 35. Ra6 Bc5 36. Qc2 Bb6 37. Ra2 h5 38. Qd3 Bc5 39. Ra8 Qd6 {Precision: White = 59%, Black = 57%.} 1/2-1/2

[Event "Chinese-Russian Summit 2018"]
[Site "Qinhuangdao"]
[Date "2018.06.01"]
[Round "5"]
[White "Sarana, Alexey"]
[Black "Lu, Shanglei"]
[Result "1/2-1/2"]
[WhiteElo "2587"]
[BlackElo "2643"]
[Annotator "TA"]
[PlyCount "44"]
[EventDate "2018.??.??"]
[EventCountry "CHN"]
[SourceTitle "playchess.com"]
[Source "ChessBase"]
[SourceQuality "1"]

{[%evp 18,44,12,13,13,16,32,21,34,27,27,26,36,38,38,38,52,38,38,38,38,25,58,0,0,0,0,0,0]} 1. d4 d5 2. Nf3 Nf6 3. c4 e6 4. Nc3 dxc4 5. e4 Bb4 6. Bxc4 {D24: Queen's Gambit Accepted: 3 Nf3 Nf6 4 Nc3} (6. Bg5 h6 7. Bxf6 Qxf6 8. Bxc4 c5 9. O-O cxd4 10. e5 Qd8 11. Ne4 O-O 12. Qe2 Be7 13. Rad1 Qc7 14. Bd3 Nd7 15. Rc1 Qa5 16. g4 Nxe5 17. Nxe5 Qxe5 {0-1 (37) Aronian,L (2794)-Caruana,F (2784) Berlin 2018}) 6... Nxe4 7. O-O Nxc3 8. bxc3 Be7 9. Ne5 O-O 10. Qg4 {LiveBook: 108 Games} Nc6 11. Re1 f5 12. Qf3 Nxe5 13. Rxe5 Kh8 {[#]} 14. Bf4 $146 Bd6 {[#] aiming for ...g5.} 15. Re3 Bxf4 16. Qxf4 Rf6 17. Rae1 Qd6 18. Qxd6 cxd6 19. f4 {Hoping for d5.} Kg8 20. Bxe6+ (20. d5 $1 $14 e5 21. fxe5 dxe5 22. Rxe5) 20... Bxe6 $11 {The position is equal.} 21. Rxe6 Rxe6 22. Rxe6 Rc8 {Precision: White = 65%, Black = 75%.} 1/2-1/2

[Event "Chinese-Russian Summit 2018"]
[Site "Qinhuangdao"]
[Date "2018.06.01"]
[Round "5"]
[White "Bai, Jinshi"]
[Black "Matlakov, Maxim"]
[Result "*"]
[WhiteElo "2579"]
[BlackElo "2704"]
[Annotator "TA"]
[PlyCount "22"]
[EventDate "2018.??.??"]
[EventCountry "CHN"]
[SourceTitle "playchess.com"]
[Source "ChessBase"]
[SourceQuality "1"]

{[%evp 9,22,-34,-32,-75,38,-42,6,-25,-11,-69,-25,-54,-23,-680,-15]} 1. d4 d5 2. c4 c6 3. cxd5 cxd5 4. Nh3 $146 ({Predecessor:} 4. Bf4 Nc6 5. e3 Nf6 6. Nc3 a6 7. Be2 e6 8. Rc1 Be7 9. h3 O-O 10. Nf3 b5 11. O-O Bb7 12. Bd3 Rc8 13. Qe2 Qa5 14. a3 b4 15. axb4 Nxb4 {1-0 (75) Li,C (2732)-Duda,J (2724) Liaocheng 2018}) 4... Nf6 5. Nc3 Nc6 6. Bf4 {D10: Slav Defence: 3 cxd5 (without early Nf3) and 3 Nc3} Nh5 ({Better is} 6... Bg4 $17) 7. Bd2 (7. e4 $14 Nf6 8. Bb5) 7... g6 (7... Bxh3 $5 8. gxh3 Nf6 $11) 8. g3 Bg7 9. Bg2 ({White should play} 9. e3 $11) 9... O-O 10. O-O Bg4 11. e3 $2 {[%mdl 8192] [#]} (11. Ng5 $11) 11... Nf6 $2 {Precision: White =  0%, Black =  0%.} (11... Bxd1 $19 12. Rfxd1 e6) *

[Event "Chinese-Russian Summit 2018"]
[Site "Qinhuangdao"]
[Date "2018.06.01"]
[Round "5"]
[White "Bai, Jinshi"]
[Black "Matlakov, Maxim"]
[Result "1/2-1/2"]
[WhiteElo "2579"]
[BlackElo "2704"]
[Annotator "TA"]
[PlyCount "52"]
[EventDate "2018.??.??"]
[EventCountry "CHN"]
[SourceTitle "playchess.com"]
[Source "ChessBase"]
[SourceQuality "1"]

{[%evp 13,52,11,15,10,9,2,0,13,28,0,8,8,8,8,11,12,10,0,9,7,13,-1,8,-360,7,-75,0,-373,0,-7,8,-14,6,0,0,-4,25,15,24,-131,0]} 1. d4 d5 2. c4 c6 3. cxd5 cxd5 4. Nf3 Nf6 5. Nc3 Nc6 6. Bf4 Nh5 7. Bd2 {D13: Damengambit (Slawische Verteidigung, Abtauschvariante)} g6 {LiveBook: 9 Partien} (7... Nf6 8. e3 e6 9. Bd3 Bd6 10. e4 dxe4 11. Nxe4 Be7 12. O-O O-O 13. Qc2 h6 14. Rad1 Bd7 {0-1 (40) Carlsen,M (2837)-Nepomniachtchi,I (2729) London 2017}) 8. g3 Bg7 9. Bg2 {Die Stellung ist ausgeglichen.} O-O 10. O-O Bg4 11. e3 Nf6 12. h3 $146 ({Vorgänger:} 12. Qe1 Bxf3 13. Bxf3 e5 14. dxe5 Nxe5 {0-1 (43) Fourche,B (1810)-Bricard,E (2445) Saint Affrique 2001}) 12... Bxf3 13. Qxf3 {[%cal Rc3d5]} e6 14. Rac1 Qe7 15. Rc2 Rac8 (15... Nb4 $5 16. Rcc1 $8 Rfd8 $11) 16. Qe2 h5 (16... Nb4 $5 17. Rcc1 $8 Rfd8 $11) 17. h4 Ne8 18. Na4 $2 {[%mdl 8192]} (18. Qd3 $11) 18... Nd6 $2 (18... Nxd4 $1 $19 19. exd4 Rxc2) 19. Nc5 {[#]} (19. Rfc1 $11 {bleibt in der Remisbreite.}) 19... Rc7 ({Besser ist} 19... Bxd4 $1 $17 {[%mdl 512]} 20. Nd3 (20. exd4 Nxd4) 20... Bf6) 20. Nd3 $2 {[%mdl 8192]} (20. Bc3 $11 {und Weiss muss sich keine Sorgen machen.}) 20... Re8 $2 (20... Nxd4 $1 $19 21. exd4 Rxc2) 21. Be1 Bf6 22. Rc3 Qd8 23. a4 a5 24. Bd2 Ne4 25. Bxe4 dxe4 26. Ne5 $2 (26. Nc5 $11) 26... Qd5 {Precision: Weiß = 17%, Schwarz = 17%.} ({Auf keinen Fall} 26... Nxe5 27. dxe5 Bxe5 28. Rxc7 $15) ({Lieber} 26... Bxe5 $17 27. dxe5 Rd7) 1/2-1/2